[Event "DVM U20w 2014"]
[Site "Naumburg (Saale) GER"]
[Date "2014.12.27"]
[Round "1"]
[White "Wiesner, Paula"]
[Black "Düssler, Stefanie"]
[Result "0-1"]
[Termination "normal"]
[Board "1.1"]
[WhiteElo "1902"]
[BlackElo "2094"]
[WhiteTeam "Karlsruher SF 1853"]
[BlackTeam "SK Lehrte"]
[PlyCount "78"]
[WhiteFideId "24654019"]
[BlackFideId "4634780"]
[EventCountry "GER"]
[EventRounds "7"]
[EventType "team-swiss"]
[EventDate "2014.12.26"]

1. e4 c5 2. c3 Nf6 3. e5 Nd5 4. d4 cxd4 5. Nf3 Nc6 6. Bc4 Nb6 7. Bb3 d5 8. exd6
Qxd6 9. O-O Be6 10. Bxe6 Qxe6 11. cxd4 Rd8 12. Be3 g6 13. Qc2 Bg7 14. Rd1 Nd5
15. Qb3 O-O 16. Re1 Qd7 17. Nc3 Na5 18. Qc2 Nxe3 19. fxe3 Nc4 20. Rad1 Bh6 21.
Qf2 Qc6 22. Rc1 Qe6 23. d5 Qb6 24. Na4 Qb5 25. b3 Nd6 26. Rc5 Qb4 27. Qc2 Rc8
28. e4 b5 29. e5 bxa4 30. Rc6 axb3 31. axb3 Rxc6 32. dxc6 Nb5 33. Re4 Qa5 34.
h3 Rc8 35. e6 f6 36. Qc5 Qb6 37. Qxb6 axb6 38. Rc4 Nc7 39. Nd4 Be3+ 0-1

[Event "DVM U20w 2014"]
[Site "Naumburg (Saale) GER"]
[Date "2014.12.27"]
[Round "1"]
[White "Schulze, Lara"]
[Black "Mangei, Jasmin"]
[Result "1/2-1/2"]
[Termination "normal"]
[Board "1.2"]
[WhiteElo "1662"]
[BlackElo "1804"]
[WhiteClock "00:02:52"]
[BlackClock "00:04:59"]
[WhiteTeam "SK Lehrte"]
[BlackTeam "Karlsruher SF 1853"]
[PlyCount "126"]
[WhiteFideId "12956830"]
[BlackFideId "12951803"]
[EventCountry "GER"]
[EventRounds "7"]
[EventType "team-swiss"]
[EventDate "2014.12.26"]

1. d4 d5 2. c4 e6 3. Nc3 Nf6 4. Bg5 Be7 5. Nf3 O-O 6. e3 h6 7. Bh4 b6 8. cxd5
exd5 9. Bd3 Bb7 10. O-O c5 11. Rc1 Nbd7 12. dxc5 bxc5 13. Bf5 Re8 14. Re1 Nb6
15. Na4 Nxa4 16. Qxa4 Qb6 17. Qc2 Rab8 18. Ne5 Bd6 19. Bxf6 Bxe5 20. Bxe5 Rxe5
21. f4 Re7 22. Qxc5 Qf6 23. Bg4 Rbe8 24. Qc3 Qg6 25. Bh3 Qb6 26. Kf2 Re4 27. g3
Rc4 28. Qd2 Rb4 29. b3 Rd8 30. Qc3 d4 31. Qc5 dxe3+ 32. Rxe3 Rd2+ 33. Kg1 Qxc5
34. Rxc5 Rxa2 35. Rc7 Bd5 36. Bf5 Rb8 37. Rce7 Kf8 38. Bd7 g6 39. Re8+ Rxe8 40.
Rxe8+ Kg7 41. Ba4 Rg2+ 42. Kf1 Rxh2 43. Re7 Rb2 44. Rxa7 Bxb3 45. Bxb3 Rxb3 46.
Kg2 Kf6 47. Kh3 g5 48. Kg4 Rb4 49. Ra6+ Kg7 50. Ra8 gxf4 51. gxf4 Kg6 52. Rg8+
Kf6 53. Rh8 Kg7 54. Ra8 Rb5 55. f5 h5+ 56. Kg5 f6+ 57. Kf4 Rb4+ 58. Kf3 Rg4 59.
Ra6 Rg5 60. Kf4 h4 61. Ra7+ Kg8 62. Ra6 Kf7 63. Ra7+ Kg8 1/2-1/2

[Event "DVM U20w 2014"]
[Site "Naumburg (Saale) GER"]
[Date "2014.12.27"]
[Round "1"]
[White "Bykov, Ilona"]
[Black "Böhm, Jana"]
[Result "0-1"]
[Termination "normal"]
[Board "1.3"]
[WhiteElo "1117"]
[BlackElo "1827"]
[WhiteTeam "Karlsruher SF 1853"]
[BlackTeam "SK Lehrte"]
[PlyCount "104"]
[WhiteFideId "12964433"]
[BlackFideId "24661589"]
[EventCountry "GER"]
[EventRounds "7"]
[EventType "team-swiss"]
[EventDate "2014.12.26"]

1. e4 e6 2. d4 d5 3. Nc3 Nf6 4. Bd3 c5 5. dxc5 Bxc5 6. e5 Nfd7 7. Qg4 g6 8. Nf3
Nc6 9. Bf4 Qc7 10. Qg3 Nb4 11. O-O b6 12. a3 Nxd3 13. cxd3 O-O 14. Rfe1 Ba6 15.
d4 Be7 16. Rac1 Qb7 17. Rc2 Rac8 18. Ng5 Rfe8 19. Qh3 Nf8 20. Qf3 Rc4 21. Rd1
f6 22. Nh3 Nd7 23. Rdc1 Rxd4 24. exf6 Bxf6 25. Re1 Rc4 26. Rcc1 Rcc8 27. Kh1
Bg7 28. Ng1 Bc4 29. Nge2 Nc5 30. Red1 e5 31. Bg5 e4 32. Qf4 Nd3 33. Qe3 Nxc1
34. Rxc1 Bxe2 35. Qxe2 d4 36. Qd2 dxc3 37. bxc3 Qc6 38. Qa2+ Qc4 39. Qb1 Qd3
40. Qa2+ Kh8 41. h3 Rxc3 42. Rg1 Rc2 43. Qf7 Rf8 44. Qe6 Rcxf2 45. Bh4 Rf1 46.
Rxf1 Qxf1+ 47. Kh2 Qf5 48. Qd7 Qxd7 49. Be1 Be5+ 50. Bg3 Bxg3+ 51. Kxg3 Qd6+
52. Kg4 Qf4# 0-1

[Event "DVM U20w 2014"]
[Site "Naumburg (Saale) GER"]
[Date "2014.12.27"]
[Round "1"]
[White "Manusina, Nicole"]
[Black "Platonova, Elisaveta"]
[Result "1-0"]
[Termination "normal"]
[Board "1.4"]
[WhiteElo "1869"]
[BlackElo "916"]
[WhiteTeam "SK Lehrte"]
[BlackTeam "Karlsruher SF 1853"]
[PlyCount "127"]
[WhiteFideId "24657514"]
[BlackFideId "16200349"]
[EventCountry "GER"]
[EventRounds "7"]
[EventType "team-swiss"]
[EventDate "2014.12.26"]

1. d4 d5 2. c4 e6 3. Nc3 Nf6 4. Bg5 Be7 5. e3 O-O 6. Nf3 b6 7. Bd3 Bb7 8. O-O
Nbd7 9. Rc1 Rc8 10. Qe2 h6 11. Bh4 c5 12. cxd5 exd5 13. Rfd1 Re8 14. Ba6 Qc7
15. Bg3 Qc6 16. Bxb7 Qxb7 17. h3 Nb8 18. Qd3 Qa6 19. dxc5 Qxd3 20. Rxd3 bxc5
21. Nxd5 Nxd5 22. Rxd5 Na6 23. Rd7 Ra8 24. Bd6 Bxd6 25. Rxd6 Nb4 26. a3 Re6 27.
Rxe6 fxe6 28. axb4 cxb4 29. Rc6 Kf7 30. Nd4 e5 31. Rc7+ Kf6 32. Nc6 a5 33. f4
e4 34. Rb7 Ke6 35. Rb5 Kd6 36. Rxa5 Rxa5 37. Nxa5 Kc5 38. b3 Kb5 39. Nc4 Kc6
40. g4 Kd7 41. Nd2 Ke6 42. Nxe4 Kd5 43. Nd2 Ke6 44. Kf2 Kf6 45. Kf3 Kg6 46. Ke4
h5 47. Kd4 hxg4 48. hxg4 Kf6 49. Kc4 g5 50. Ne4+ Ke6 51. Nxg5+ Kd6 52. Kxb4 Kd5
53. e4+ Kd4 54. e5 Ke3 55. e6 Kxf4 56. e7 Kxg5 57. e8=Q Kxg4 58. Qf7 Kg5 59.
Kc4 Kh6 60. Qg8 Kh5 61. Kd4 Kh6 62. Ke4 Kh5 63. Kf5 Kh4 64. Qg4# 1-0

[Event "DVM U20w 2014"]
[Site "Naumburg (Saale) GER"]
[Date "2014.12.27"]
[Round "1"]
[White "Lagunow, Elina"]
[Black "Hund, Sarah"]
[Result "0-1"]
[Termination "normal"]
[Board "2.1"]
[WhiteElo "1698"]
[BlackElo "1809"]
[WhiteTeam "BSV 63 Chemie Weißensee"]
[BlackTeam "SK Freiburg Zähringen"]
[PlyCount "102"]
[WhiteFideId "4673387"]
[BlackFideId "12923338"]
[EventCountry "GER"]
[EventRounds "7"]
[EventType "team-swiss"]
[EventDate "2014.12.26"]

1. Nf3 d5 2. g3 Nf6 3. Bg2 c6 4. O-O Bg4 5. d3 Nbd7 6. Nbd2 e5 7. h3 Be6 8. c4
Bd6 9. Qc2 O-O 10. e3 Re8 11. Rd1 Nf8 12. c5 Bc7 13. b4 Qc8 14. Kh2 Ng6 15. Bb2
h5 16. e4 a5 17. a3 Qd8 18. d4 exd4 19. Nxd4 Bd7 20. b5 h4 21. b6 hxg3+ 22.
fxg3 Bb8 23. exd5 Nxd5 24. Nc4 Ne3 25. Nxe3 Rxe3 26. Nf5 Re8 27. Nxg7 Rf8 28.
Qd2 Qh4 29. Qf2 Bg4 30. Rd4 f5 31. Ne6 Re8 32. Re1 Qh6 33. Rd7 Ne5 34. Bxe5
Rxe6 35. Bg7 Qg6 36. Rxe6 Qxe6 37. Qd4 Bxg3+ 38. Kxg3 f4+ 39. Kh2 Qxd7 40. hxg4
Qxg7 41. Qxf4 Rf8 42. Qc4+ Kh8 43. Qe2 Qg5 44. Qb2+ Kg8 45. Qb3+ Rf7 46. Qc4
Qf4+ 47. Qxf4 Rxf4 48. Kg3 Rc4 49. Bxc6 bxc6 50. Kh4 Rxc5 51. a4 Rc4 0-1

[Event "DVM U20w 2014"]
[Site "Naumburg (Saale) GER"]
[Date "2014.12.27"]
[Round "1"]
[White "Denz, Annika"]
[Black "Koch, Elisabeth"]
[Result "0-1"]
[Termination "normal"]
[Board "2.2"]
[WhiteElo "1500"]
[BlackElo "1650"]
[WhiteTeam "SK Freiburg Zähringen"]
[BlackTeam "BSV 63 Chemie Weißensee"]
[PlyCount "92"]
[WhiteFideId "12922935"]
[BlackFideId "24695068"]
[EventCountry "GER"]
[EventRounds "7"]
[EventType "team-swiss"]
[EventDate "2014.12.26"]

1. e4 e5 2. Nf3 Nc6 3. Bc4 Nf6 4. Nc3 Nxe4 5. Nxe4 d5 6. Bd3 dxe4 7. Bxe4 Bd6
8. O-O O-O 9. d3 Bg4 10. h3 Bh5 11. Qe1 Qe7 12. Be3 Rae8 13. Qd2 f5 14. Bd5+
Kh8 15. Bg5 Qd7 16. Rfe1 f4 17. d4 Bxf3 18. Bxf3 Nxd4 19. Bh5 Qf5 20. Bxe8 Nxc2
21. Bd7 Qg6 22. Qd5 Qxg5 23. Rac1 Nxe1 24. Rxe1 f3 25. g3 b6 26. h4 Qg6 27. b3
Qc2 28. a4 Bc5 29. Rf1 e4 30. Bf5 Re8 31. h5 Qe2 32. Bd7 Rf8 33. h6 e3 34.
hxg7+ Kxg7 35. Qe5+ Rf6 36. Qg5+ Rg6 37. Qe5+ Kf7 38. Qf5+ Kg8 39. Be6+ Kh8 40.
Qe5+ Rg7 41. Qd5 Rxg3+ 42. Kh2 Bd6 43. Qd4+ Rg7+ 44. Kh3 Qxf1+ 45. Kh4 Qh1+ 46.
Bh3 Be7+ 0-1

[Event "DVM U20w 2014"]
[Site "Naumburg (Saale) GER"]
[Date "2014.12.27"]
[Round "1"]
[White "Greßmann, Hanna"]
[Black "Bajorski, Maria Sophie"]
[Result "1/2-1/2"]
[Termination "normal"]
[Board "2.3"]
[WhiteElo "1691"]
[BlackElo "1511"]
[WhiteTeam "BSV 63 Chemie Weißensee"]
[BlackTeam "SK Freiburg Zähringen"]
[PlyCount "155"]
[WhiteFideId "12930709"]
[BlackFideId "24654531"]
[EventCountry "GER"]
[EventRounds "7"]
[EventType "team-swiss"]
[EventDate "2014.12.26"]

1. e4 e5 2. Nf3 Nc6 3. Bc4 Bc5 4. c3 Bb6 5. d3 d6 6. O-O Bg4 7. Nbd2 Nf6 8. h3
Bh5 9. Re1 O-O 10. Nf1 h6 11. Ng3 Bg6 12. Nh2 d5 13. exd5 Nxd5 14. Qf3 Nf6 15.
Ne4 Re8 16. Nxf6+ Qxf6 17. Qxf6 gxf6 18. Ng4 Kg7 19. Bxh6+ Kh7 20. Be3 Kg7 21.
Bxb6 axb6 22. b4 Ra3 23. Rac1 Rd8 24. Re3 Na7 25. d4 b5 26. Bb3 exd4 27. cxd4
Nc6 28. d5 Nxb4 29. Rxc7 f5 30. Ne5 Nxd5 31. Bxd5 Rxe3 32. fxe3 Rxd5 33. Nxg6
Kxg6 34. Rxb7 Rd2 35. Rxb5 Rxa2 36. Rb3 Kf6 37. Kh2 Kg5 38. Kg3 f6 39. Kf3 Ra4
40. g3 Rc4 41. Rb5 Kg6 42. Rd5 Rc1 43. Rd4 Rh1 44. h4 Rf1+ 45. Kg2 Re1 46. Kf2
Rh1 47. e4 fxe4 48. Rxe4 Ra1 49. Kf3 Rf1+ 50. Kg2 Ra1 51. Re2 Ra4 52. Rf2 Ra6
53. Kh3 Rb6 54. g4 Rb3+ 55. Kg2 Rb4 56. Kg3 Rb3+ 57. Rf3 Rb4 58. h5+ Kg7 59.
Rd3 Rb7 60. Rd4 Kh6 61. Kf4 Kg7 62. Rd5 Rf7 63. Kf5 Kh6 64. Ke6 Rf8 65. Rf5 Kg7
66. Rd5 Kh6 67. Rd7 Rg8 68. Rd4 Kg5 69. Kf7 Ra8 70. Ke6 Ra6+ 71. Ke7 Ra7+ 72.
Kd6 Ra6+ 73. Kc5 Ra5+ 74. Kc4 Ra4+ 75. Kd3 Ra3+ 76. Ke2 Ra2+ 77. Ke3 Ra3+ 78.
Kf2 1/2-1/2

[Event "DVM U20w 2014"]
[Site "Naumburg (Saale) GER"]
[Date "2014.12.27"]
[Round "1"]
[White "Antusch, Isabella"]
[Black "Lange, Cecilia"]
[Result "0-1"]
[Termination "normal"]
[Board "2.4"]
[WhiteElo "1235"]
[BlackElo "1582"]
[WhiteTeam "SK Freiburg Zähringen"]
[BlackTeam "BSV 63 Chemie Weißensee"]
[PlyCount "116"]
[WhiteFideId "12963941"]
[BlackFideId "12976040"]
[EventCountry "GER"]
[EventRounds "7"]
[EventType "team-swiss"]
[EventDate "2014.12.26"]

1. e4 c6 2. d4 d5 3. exd5 cxd5 4. Bd3 Nc6 5. c3 Nf6 6. Bf4 e6 7. Ne2 Bd6 8.
Bxd6 Qxd6 9. Nd2 O-O 10. O-O a6 11. Nf3 Bd7 12. Re1 b5 13. Qc2 b4 14. Rab1 Rfc8
15. Rec1 bxc3 16. bxc3 Na5 17. Ne5 Be8 18. Rb4 Rab8 19. Qb2 Nd7 20. Nxd7 Bxd7
21. Rb1 Rxb4 22. Qxb4 Qxb4 23. Rxb4 Nc4 24. h3 g6 25. g3 Bb5 26. Rb1 Na3 27.
Bxb5 Nxb1 28. Bxa6 Ra8 29. Bd3 Rxa2 30. Bxb1 Rxe2 31. Kf1 Rb2 32. Bd3 Rb3 33.
Ke2 Rxc3 34. Ke3 Kg7 35. f4 h6 36. h4 Ra3 37. Ke2 f6 38. Ke3 g5 39. hxg5 fxg5
40. fxg5 hxg5 41. g4 Kf6 42. Kd2 e5 43. dxe5+ Kxe5 44. Bf5 d4 45. Ke2 Kf4 46.
Kd2 Rg3 47. Ke2 Rxg4 48. Bxg4 Kxg4 49. Kd3 Kf3 50. Kxd4 g4 51. Kd3 g3 52. Kd4
g2 53. Kd5 g1=Q 54. Ke5 Qc5+ 55. Ke6 Kf4 56. Kd7 Kf5 57. Kd8 Ke6 58. Ke8 Qe7#
0-1

[Event "DVM U20w 2014"]
[Site "Naumburg (Saale) GER"]
[Date "2014.12.27"]
[Round "1"]
[White "Halas, Lena"]
[Black "Kuckling, Hannah"]
[Result "0-1"]
[Termination "normal"]
[Board "3.1"]
[WhiteElo "1656"]
[BlackElo "1950"]
[WhiteTeam "USG Chemnitz"]
[BlackTeam "SK Blauer Springer Paderborn"]
[PlyCount "62"]
[WhiteFideId "12931799"]
[BlackFideId "24603660"]
[EventCountry "GER"]
[EventRounds "7"]
[EventType "team-swiss"]
[EventDate "2014.12.26"]

1. e4 c5 2. Nf3 e6 3. d4 cxd4 4. Nxd4 Nc6 5. Nc3 Qc7 6. Be2 a6 7. Be3 b5 8.
Nxc6 Qxc6 9. Bf3 Bb7 10. Qd4 Qc7 11. Rd1 d6 12. O-O Nf6 13. Rd2 Be7 14. Qb6
Qxb6 15. Bxb6 b4 16. Na4 Bxe4 17. Bxe4 Nxe4 18. Rd4 d5 19. f3 Nf6 20. Kh1 Nd7
21. Ba5 Rb8 22. f4 O-O 23. f5 Rb5 24. Bc7 Rc8 25. c4 bxc3 26. Nxc3 Rxb2 27.
fxe6 fxe6 28. Ba5 Bf6 29. Rd3 Nc5 30. Rg3 Nb7 31. Na4 Rf2 0-1

[Event "DVM U20w 2014"]
[Site "Naumburg (Saale) GER"]
[Date "2014.12.27"]
[Round "1"]
[White "Gatzke, Carolin"]
[Black "Kluge, Leyla"]
[Result "1-0"]
[Termination "normal"]
[Board "3.2"]
[WhiteElo "1695"]
[BlackElo "1625"]
[WhiteTeam "SK Blauer Springer Paderborn"]
[BlackTeam "USG Chemnitz"]
[PlyCount "129"]
[WhiteFideId "12943746"]
[BlackFideId "12918172"]
[EventCountry "GER"]
[EventRounds "7"]
[EventType "team-swiss"]
[EventDate "2014.12.26"]

1. e4 c5 2. Nf3 Nc6 3. d4 cxd4 4. Nxd4 g6 5. c4 Bg7 6. Be3 d6 7. Nc3 Nf6 8. Be2
O-O 9. O-O Bd7 10. Qd2 Rc8 11. b3 Qa5 12. Rfd1 Rfe8 13. Rac1 a6 14. f3 Nh5 15.
Nxc6 bxc6 16. Na4 Qxd2 17. Rxd2 c5 18. Nxc5 Rxc5 19. Bxc5 Bh6 20. Rcd1 Bxd2 21.
Rxd2 Nf4 22. Bf1 Bc6 23. Be3 Ne6 24. c5 dxc5 25. Bxa6 Nd4 26. b4 Ra8 27. Bxd4
cxd4 28. b5 e5 29. Rc2 Bd7 30. b6 d3 31. b7 dxc2 32. bxa8=Q+ Kg7 33. Qd5 c1=Q+
34. Bf1 Qc7 35. Qc4 Qa7+ 36. Kh1 Be6 37. Qb5 Qd4 38. a3 Kg8 39. Qd3 Qc5 40. a4
Qa5 41. Qb5 Qc7 42. a5 Bd7 43. Qb6 Qxb6 44. axb6 Bc8 45. Bc4 Kf8 46. Bd5 Ke7
47. b7 Bxb7 48. Bxb7 Kd6 49. Kg1 Kc5 50. h4 h6 51. Bd5 f6 52. Bf7 g5 53. hxg5
hxg5 54. Be6 Kd4 55. Kf2 Kd3 56. Bh3 Kd2 57. Kg3 Ke3 58. Kg4 Kf2 59. Kf5 Kg3
60. Kxf6 Kf4 61. Ke6 Kg3 62. Kxe5 Kh4 63. Kf6 Kh5 64. e5 Kh6 65. e6 1-0

[Event "DVM U20w 2014"]
[Site "Naumburg (Saale) GER"]
[Date "2014.12.27"]
[Round "1"]
[White "Oltmanns, Bianca"]
[Black "Möller, Lisa-Marie"]
[Result "1-0"]
[Termination "normal"]
[Board "3.3"]
[WhiteElo "1746"]
[BlackElo "1475"]
[WhiteTeam "USG Chemnitz"]
[BlackTeam "SK Blauer Springer Paderborn"]
[PlyCount "69"]
[WhiteFideId "24698008"]
[BlackFideId "12959367"]
[EventCountry "GER"]
[EventRounds "7"]
[EventType "team-swiss"]
[EventDate "2014.12.26"]

1. e4 c5 2. Nf3 a6 3. d4 cxd4 4. Nxd4 Nf6 5. Nc3 e5 6. Nf3 Bb4 7. Bd2 O-O 8.
Bd3 d5 9. Nxd5 Bxd2+ 10. Nxd2 Nxd5 11. exd5 Qxd5 12. O-O Nd7 13. Ne4 f5 14. Nd6
Kh8 15. Bxf5 Qxd1 16. Raxd1 Nb6 17. Nxc8 Nxc8 18. Be4 Rb8 19. Rfe1 b5 20. Bf3
Re8 21. Rxe5 Nb6 22. Rxe8+ Rxe8 23. b3 Kg8 24. Kf1 Re6 25. c4 bxc4 26. bxc4 Kf8
27. c5 Na4 28. Rc1 Re7 29. Rc4 Nb2 30. Rd4 Rc7 31. c6 Ke7 32. Ke2 a5 33. Kd2
Rc8 34. Kc3 Rb8 35. c7 1-0

[Event "DVM U20w 2014"]
[Site "Naumburg (Saale) GER"]
[Date "2014.12.27"]
[Round "1"]
[White "Walow, Xenia"]
[Black "Schwendel, Marleen"]
[Result "1-0"]
[Termination "normal"]
[Board "3.4"]
[WhiteElo "1445"]
[BlackElo "938"]
[WhiteTeam "SK Blauer Springer Paderborn"]
[BlackTeam "USG Chemnitz"]
[PlyCount "93"]
[WhiteFideId "12971839"]
[BlackFideId "16200357"]
[EventCountry "GER"]
[EventRounds "7"]
[EventType "team-swiss"]
[EventDate "2014.12.26"]

1. d4 d5 2. Bf4 Bf5 3. Nf3 Nf6 4. e3 e6 5. Bd3 Bd6 6. Bxf5 exf5 7. Bg3 O-O 8.
Nc3 Ne4 9. Nxe4 fxe4 10. Nd2 Nc6 11. c3 h6 12. Qb3 Na5 13. Qxd5 Bxg3 14. Qxa5
Bd6 15. Nxe4 b6 16. Qh5 c5 17. dxc5 Bxc5 18. Nxc5 bxc5 19. Qxc5 Qd3 20. Qd4
Rad8 21. Qxd3 Rxd3 22. Ke2 Rfd8 23. Rad1 R3d5 24. Rxd5 Rxd5 25. Rd1 Rh5 26. h3
Rh4 27. Rd8+ Kh7 28. Rd7 Ra4 29. a3 f6 30. Kd3 Kg6 31. c4 Kf5 32. Rxg7 Ke5 33.
Rh7 Kd6 34. Rxh6 Kc5 35. Rxf6 Rxc4 36. Rf5+ Kd6 37. Kxc4 Ke6 38. g4 Kd6 39. h4
Ke6 40. h5 Ke7 41. h6 Ke6 42. h7 Ke7 43. h8=Q Ke6 44. Qh6+ Ke7 45. Qg6 Kd7 46.
Rf7+ Ke8 47. Qg8# 1-0

[Event "DVM U20w 2014"]
[Site "Naumburg (Saale) GER"]
[Date "2014.12.27"]
[Round "1"]
[White "Spangenberg, Romy"]
[Black "Baumann, Eva"]
[Result "1/2-1/2"]
[Termination "normal"]
[Board "4.1"]
[WhiteElo "1806"]
[BlackElo "1608"]
[WhiteTeam "Chemnitzer SC Aufbau`95"]
[BlackTeam "SK Münster"]
[PlyCount "63"]
[WhiteFideId "4627997"]
[BlackFideId "12998788"]
[EventCountry "GER"]
[EventRounds "7"]
[EventType "team-swiss"]
[EventDate "2014.12.26"]

1. e4 e5 2. Nf3 Nc6 3. d4 exd4 4. Nxd4 Nf6 5. Nxc6 bxc6 6. e5 Qe7 7. Qe2 Nd5 8.
c4 Ba6 9. b3 g6 10. Bb2 Bg7 11. Nd2 O-O 12. O-O-O Rfe8 13. Qe4 Nb6 14. f4 c5
15. Bd3 Rab8 16. Rhe1 Bb7 17. Qe2 d5 18. cxd5 Nxd5 19. g3 Qe6 20. Bc4 Qb6 21.
Bxd5 Bxd5 22. Nc4 Bxc4 23. Qxc4 Red8 24. Kb1 Qb4 25. Qxb4 cxb4 26. Kc2 Bf8 27.
Bd4 a5 28. e6 c5 29. exf7+ Kxf7 30. Be5 Rbc8 31. Rxd8 Rxd8 32. Bc7 1/2-1/2

[Event "DVM U20w 2014"]
[Site "Naumburg (Saale) GER"]
[Date "2014.12.27"]
[Round "1"]
[White "Hartewig, Anja"]
[Black "Henke, Jennifer"]
[Result "1-0"]
[Termination "normal"]
[Board "4.3"]
[WhiteElo "1806"]
[BlackElo "1483"]
[WhiteTeam "Chemnitzer SC Aufbau`95"]
[BlackTeam "SK Münster"]
[PlyCount "59"]
[WhiteFideId "12917966"]
[BlackFideId "12998850"]
[EventCountry "GER"]
[EventRounds "7"]
[EventType "team-swiss"]
[EventDate "2014.12.26"]

1. d4 d5 2. c4 e6 3. Nc3 Nf6 4. Bg5 Be7 5. cxd5 exd5 6. e3 c6 7. Qc2 Nbd7 8.
Bd3 g6 9. Nf3 O-O 10. O-O Re8 11. Rfe1 Qc7 12. e4 dxe4 13. Nxe4 Qd8 14. Re2
Nxe4 15. Bxe7 Rxe7 16. Rxe4 Nf6 17. Rxe7 Qxe7 18. Re1 Qd6 19. Qb3 b6 20. Bc4
Qc7 21. Ne5 Nd5 22. Nxc6 Bb7 23. Bxd5 Bxc6 24. Qc4 Rc8 25. Rc1 Bxd5 26. Qxc7
Rxc7 27. Rxc7 a6 28. a3 Kf8 29. Rd7 Be6 30. Rd6 1-0

[Event "DVM U20w 2014"]
[Site "Naumburg (Saale) GER"]
[Date "2014.12.27"]
[Round "1"]
[White "van Lindt, Marietta"]
[Black "Fischer, Franziska"]
[Result "0-1"]
[Termination "normal"]
[Board "4.4"]
[WhiteElo "1135"]
[BlackElo "1764"]
[WhiteTeam "SK Münster"]
[BlackTeam "Chemnitzer SC Aufbau`95"]
[PlyCount "152"]
[WhiteFideId "12998842"]
[BlackFideId "12924199"]
[EventCountry "GER"]
[EventRounds "7"]
[EventType "team-swiss"]
[EventDate "2014.12.26"]

1. e4  e6 2. d4 d5 3. exd5 exd5 4. Nf3 Nc6 5. Bb5 Bd7 6. O-O Nf6 7. Nc3 Be7 8.
Re1 O-O 9. Bf4 Bg4 10. Bxc6 bxc6 11. Qd3 Bxf3 12. Qxf3 Rb8 13. b3 Bb4 14. Rad1
h6 15. Qg3 Bd6 16. a3 Rb7 17. Bxd6 Qxd6 18. Qf3 Qxa3 19. Re3 Qb2 20. Qe2 Rbb8
21. Na4 Qa3 22. h3 Qd6 23. Re1 Ne4 24. f3 Ng3 25. Qf2 Nf5 26. Re5 Qf6 27. Nc5
Rbd8 28. Nb7 Rd7 29. Nc5 Rdd8 30. Nb7 Rc8 31. Nc5 Rfd8 32. Nb7 Rd7 33. Nc5 Re7
34. Rxe7 Nxe7 35. Nd7 Qd6 36. Ne5 Ng6 37. Ng4 Kf8 38. Re3 Re8 39. Qe2 Rxe3 40.
Qxe3 Qf4 41. Qf2 Ne7 42. Qh4 Qxd4+ 43. Kh2 Qf4+ 44. Kg1 Qg5 45. Qg3 Nf5 46.
Qxc7 Qe7 47. Qxc6 Qe1+ 48. Kh2 Qg3+ 49. Kg1 Nh4 50. Qc8+ Ke7 51. Qc5+ Ke6 52.
Qe3+ Kd6 53. Qe2 h5 54. Ne3 Qe5 55. Qf2 Ng6 56. Qe2 Qa1+ 57. Qf1 Qxf1+ 58. Kxf1
Kc5 59. Ke2 Nf4+ 60. Kd2 d4 61. Nf5 g6 62. Nh4 a5 63. c3 dxc3+ 64. Kxc3 Nd5+
65. Kb2 Kb4 66. g4 Nf4 67. gxh5 gxh5 68. Nf5 Nxh3 69. Ng7 Nf4 70. Nf5 Nd3+ 71.
Kc2 Ne1+ 72. Kb2 Nxf3 73. Nh6 h4 74. Ng4 h3 75. Kc2 h2 76. Nxh2 Nxh2 0-1

[Event "DVM U20w 2014"]
[Site "Naumburg (Saale) GER"]
[Date "2014.12.27"]
[Round "1"]
[White "Eue, Vicky"]
[Black "Reck, Jessica"]
[Result "1-0"]
[Termination "normal"]
[Board "5.1"]
[WhiteElo "1616"]
[BlackElo "1638"]
[WhiteTeam "SV "Glück auf" Rüdersdorf"]
[BlackTeam "Leegebrucher Schachfreunde"]
[PlyCount "117"]
[WhiteFideId "12945838"]
[BlackFideId "12917931"]
[EventCountry "GER"]
[EventRounds "7"]
[EventType "team-swiss"]
[EventDate "2014.12.26"]

1. e4 g6 2. f4 Bg7 3. Nf3 d6 4. h3 Nd7 5. Bc4 e6 6. d4 Nb6 7. Bb3 d5 8. e5 h5
9. Nc3 Nh6 10. Be3 Nf5 11. Bf2 Bd7 12. h4 Qe7 13. Qd3 a6 14. a4 Qb4 15. O-O Nh6
16. Be1 Qe7 17. a5 Nc8 18. Ba4 c6 19. Ne2 Na7 20. Qb3 Bc8 21. Bb4 Qd7 22. c4
Bf8 23. Bxf8 Kxf8 24. Qb4+ Qe7 25. c5 Nf5 26. g3 Qd8 27. Qc3 Kg7 28. b4 Nb5 29.
Bxb5 cxb5 30. Ne1 Bd7 31. Ng2 Rf8 32. Ne3 Ne7 33. Kg2 Nc6 34. Rab1 Qe7 35. Qd2
Rac8 36. Nc2 f6 37. Ng1 f5 38. Ne2 Rg8 39. Nc3 Qd8 40. Ne3 Ne7 41. Qd3 Rf8 42.
Rfc1 Bc6 43. Ne2 Ng8 44. Ng1 Nh6 45. Nh3 Nf7 46. Ng5 Nxg5 47. fxg5 f4 48. gxf4
Rxf4 49. Rf1 Rxh4 50. Rf6 Re4 51. Rbf1 Be8 52. Nd1 Rg4+ 53. Kh3 Rxg5 54. Ne3
Rc7 55. Kh4 Kh6 56. Qd2 Rf7 57. Ng4+ Kg7 58. Qxg5 hxg4 59. Rxg6+ 1-0

[Event "DVM U20w 2014"]
[Site "Naumburg (Saale) GER"]
[Date "2014.12.27"]
[Round "1"]
[White "Wolff, Marie Antoinette"]
[Black "Reyher, Susan"]
[Result "0-1"]
[Termination "normal"]
[Board "5.2"]
[WhiteElo "1651"]
[BlackElo "1667"]
[WhiteTeam "Leegebrucher Schachfreunde"]
[BlackTeam "SV "Glück auf" Rüdersdorf"]
[PlyCount "40"]
[WhiteFideId "12908258"]
[BlackFideId "24686107"]
[EventCountry "GER"]
[EventRounds "7"]
[EventType "team-swiss"]
[EventDate "2014.12.26"]

1. c4 e5 2. Nc3 Nf6 3. g3 d5 4. cxd5 Nxd5 5. Bg2 Nb6 6. d3 Nc6 7. Nf3 Be7 8.
O-O Be6 9. a3 Qd7 10. b4 O-O 11. b5 Na5 12. Bb2 f6 13. a4 c6 14. Nd2 Bh3 15.
Ba3 Bxg2 16. Kxg2 Nd5 17. Nce4 Bxa3 18. Rxa3 cxb5 19. Nc5 Qc6 20. axb5 Ne3+ 0-1

[Event "DVM U20w 2014"]
[Site "Naumburg (Saale) GER"]
[Date "2014.12.27"]
[Round "1"]
[White "Wagner, Swenja"]
[Black "Bießlich, Susan"]
[Result "1-0"]
[Termination "normal"]
[Board "5.4"]
[WhiteElo "1588"]
[BlackElo "1250"]
[WhiteTeam "Leegebrucher Schachfreunde"]
[BlackTeam "SV "Glück auf" Rüdersdorf"]
[PlyCount "33"]
[WhiteFideId "12900494"]
[BlackFideId "12983349"]
[EventCountry "GER"]
[EventRounds "7"]
[EventType "team-swiss"]
[EventDate "2014.12.26"]

1. e4 e5 2. Nc3 Nf6 3. Bc4 Nc6 4. d3 Bc5 5. Nge2 d6 6. Na4 Bb6 7. Nxb6 axb6 8.
c3 h6 9. O-O O-O 10. f4 d5 11. exd5 Nxd5 12. Qe1 f5 13. Qg3 Kh8 14. fxe5 Nde7
15. Nf4 Nxe5 16. Nh5 g5 17. Qxe5+ 1-0

[Event "DVM U20w 2014"]
[Site "Naumburg (Saale) GER"]
[Date "2014.12.27"]
[Round "1"]
[White "Peters, Theresa"]
[Black "Wilke, Tabea"]
[Result "1/2-1/2"]
[Termination "normal"]
[Board "6.1"]
[WhiteElo "1616"]
[BlackElo "1722"]
[WhiteTeam "SV 1919 Grimma"]
[BlackTeam "SC 1979 Hattersheim"]
[PlyCount "101"]
[WhiteFideId "12952192"]
[BlackFideId "12910015"]
[EventCountry "GER"]
[EventRounds "7"]
[EventType "team-swiss"]
[EventDate "2014.12.26"]

1. e4 e5 2. Nf3 Nf6 3. Nc3 Nc6 4. Bc4 Bc5 5. a3 a6 6. d3 h6 7. Ne2 d6 8. Ng3
O-O 9. c3 Ba7 10. b4 Ne7 11. O-O Ng6 12. d4 Bg4 13. Be3 Qe8 14. Re1 Qc6 15. Bf1
exd4 16. Bxd4 Ne5 17. Rc1 Qe8 18. Be2 Bd7 19. Qd2 Bc6 20. Bd1 Bb5 21. Nxe5 dxe5
22. Bxa7 Rxa7 23. c4 Bc6 24. Bc2 Ra8 25. Qe3 Rd8 26. Nf5 Bd7 27. Qg3 Bxf5 28.
exf5 Qc6 29. Bb1 Rd4 30. Qc3 Rfd8 31. f3 Nd7 32. Be4 Qb6 33. c5 Qa7 34. Rcd1
Nf6 35. Bc2 Rxd1 36. Rxd1 Rxd1+ 37. Bxd1 Nd7 38. Qd3 Nf6 39. Qd8+ Kh7 40. Qxc7
e4 41. fxe4 Nxe4 42. f6 Qa8 43. Qxf7 Nxf6 44. Bf3 Qd8 45. Qe6 Qd4+ 46. Kf1 Qd3+
47. Kf2 Qxa3 48. Qf5+ Kh8 49. Qc8+ Kh7 50. Qxb7 Qb2+ 51. Kf1 1/2-1/2